Statistiques concernant Capitales africaines (avec une carte)

Cliquez ici pour prendre le quiz!

Statistiques générales

  • Ce quiz a été pris 185 fois
  • Le résultat moyen est 176 sur 196

Réponses sur la Carte

Les réponses sont colorées sur une échelle allant du rouge au vert en fonction du pourcentage des utilisateurs qui les ont devinées à leur premier essai. Vous pouvez retrouver ces pourcentages ci-dessous.
 

Statistiques - réponses

capitale% Correct
x
100%
Alger
94%
Tunis
93%
Rabat
91%
Le Caire
90%
Pretoria
87%
Tripoli
84%
Dakar
83%
Antananarivo
79%
Kinshasa
76%
Bamako
75%
Nairobi
75%
Addis-Abeba
71%
Djibouti
71%
Libreville
71%
Ouagadougou
71%
Yaoundé
71%
Yamoussoukro
70%
Brazzaville
69%
Khartoum
68%
Luanda
67%
Niamey
66%
Bissau
65%
Nouakchott
64%
Windhoek
64%
Freetown
63%
Lomé
63%
Ndjamena
63%
Praia
62%
Conakry
61%
Porto-Novo
61%
Kigali
60%
Maputo
60%
Mogadiscio
60%
Bangui
59%
Accra
58%
Abuja
57%
Port-Louis
57%
Banjul
55%
Sao Tomé
55%
Harare
53%
Mbabane
51%
Victoria
51%
Asmara
49%
Maseru
49%
Gaborone
48%
Djouba
47%
Lusaka
47%
Monrovia
47%
Dodoma
46%
Kampala
45%
Lilongwe
45%
Moroni
45%
Malabo
38%
Gitega
26%

Distribution des résultats

Percentile par nombre de réponses

% des personnes avec chaque résultat

Votre développement - résultats

Vous n’avez pas pris ce quiz